[Event "AUTO-ADV-785"]
[Site "http://www.queenalice.com/game.php?id=345598"]
[Date "2008.1.30"]
[Round "1"]
[White "Aues"]
[Black "vila1"]
[Result "1-0"]
[WhiteElo "1943"]
[BlackElo "1709"]

1. d4 g6 2. c4 Bg7 3. e4 c5 4. d5 b5 5. Qb3 bxc4 6. Bxc4 Qb6 7. Nc3 Qxb3 8. Bxb3
a6 9. Na4 d6 10. Nb6 Bb7 11. Nxa8 Bxa8 12. Ba4+ Nd7 13. Ne2 Nf6 14. f3 O-O 15.
Rb1 Nb6 16. Bc2 Rb8 17. O-O Nc4 18. b3 Ne5 19. Bd2 Nfd7 20. h3 Nb6 21. a4 c4 22.
b4 Nd3 23. Nf4 Nxf4 24. Bxf4 Nd7 25. Rfc1 Bc3 26. b5 a5 27. Bd1 Bb4 28. Rxc4 Nc5
29. Bc2 Rd8 30. g4 1-0

[Event "AUTO-ADV-785"]
[Site "http://www.queenalice.com/game.php?id=345611"]
[Date "2008.1.30"]
[Round "1"]
[White "Aues"]
[Black "FPM"]
[Result "1-0"]
[WhiteElo "1909"]
[BlackElo "1899"]

1. d4 d6 2. e4 Nf6 3. Nc3 g6 4. Nf3 Bg7 5. Bc4 O-O 6. O-O Bg4 7. Qd3 Be6 8. Bxe6
fxe6 9. e5 Nfd7 10. Ng5 Rf7 11. Nxf7 Kxf7 12. Qf3+ Kg8 13. Qxb7 Nc6 14. Qxc6 Nb6
15. Nb5 Nd5 16. Bd2 a6 17. exd6 exd6 18. Nc3 Nb4 19. Qe4 Qd7 20. Qxa8+ Kf7 21.
Ne4 Nxc2 22. Ng5+ Ke7 23. Nxh7 Nxa1 24. Bg5+ 1-0

[Event "AUTO-ADV-785"]
[Site "http://www.queenalice.com/game.php?id=345613"]
[Date "2008.1.30"]
[Round "1"]
[White "Aues"]
[Black "jaque_mate_remate"]
[Result "1-0"]
[WhiteElo "1933"]
[BlackElo "1724"]

1. d4 d5 2. c4 e6 3. Nc3 c6 4. Nf3 Nf6 5. Bg5 Be7 6. e3 O-O 7. Bd3 h6 8. Bh4
dxc4 9. Bxc4 Nd5 10. Bxe7 Qxe7 11. O-O Nxc3 12. bxc3 b5 13. Bb3 Nd7 14. Qd3 Nf6
15. Ne5 Bd7 16. Rab1 1-0

[Event "AUTO-ADV-785"]
[Site "http://www.queenalice.com/game.php?id=345614"]
[Date "2008.1.30"]
[Round "1"]
[White "jaque_mate_remate"]
[Black "Aues"]
[Result "0-1"]
[WhiteElo "1732"]
[BlackElo "1925"]

1. d4 d5 2. c4 dxc4 3. e4 c5 4. Bxc4 Qxd4 5. Qxd4 cxd4 6. Nf3 Nc6 7. O-O e5 8.
Ng5 Nd8 9. Nd2 h6 10. Ngf3 f6 11. Nb3 b6 12. Rd1 Bb7 13. Bb5+ Nc6 14. Bd2 Ne7
15. a4 a6 16. Bxc6+ Bxc6 0-1

[Event "Invitation"]
[Site "http://www.queenalice.com/game.php?id=376583"]
[Date "2008.3.25"]
[Round "-"]
[White "italomachado"]
[Black "Aues"]
[Result "0-1"]
[WhiteElo "1248"]
[BlackElo "1941"]

1. e4 e6 2. d3 d5 3. c4 dxe4 4. dxe4 Qxd1+ 5. Kxd1 b6 6. Nc3 Bb4 7. Nb5 Na6 8.
a3 Bc5 9. Nh3 Nf6 10. f3 O-O 11. Bg5 Nd7 12. f4 Bb7 13. b4 f6 14. Bh4 Be7 15. c5
bxc5 16. bxc5 Ndxc5 17. Rc1 Rad8+ 18. Ke1 Bxe4 19. Rg1 Nd3+ 20. Kd2 Nxc1+ 21.
Kxc1 Nc5 22. Nxa7 Nd3+ 23. Bxd3 Bxa3+ 24. Kb1 Rxd3 25. Nf2 Rd2+ 26. Nxe4 Rb8+
27. Ka1 Bb2+ 28. Ka2 Bd4+ 29. Nxd2 Rb2+ 30. Ka3 Rxd2 31. Rb1 Bxa7 32. Rb7 Bb6
33. Rb8+ Kf7 34. Be1 Rxg2 35. Bb4 Rxh2 36. Rf8+ Kg6 37. Re8 Kf5 38. Re7 Rg2 39.
Rd7 Rf2 40. Bd2 Ke4 41. Rxg7 Rxd2 42. Rg4 Bc5+ 43. Ka4 Rh2 44. Kb5 Bd6 45. f5+
Kxf5 46. Rg7 h5 47. Kc6 h4 48. Rg1 h3 49. Rf1+ Bf4 50. Rc1 Rg2 51. Rh1 h2 52.
Rxh2 Rxh2 53. Kc5 Ke4 54. Kc4 Rc2+ 55. Kb3 Rc1 56. Kb2 Kd3 57. Kb3 Rb1+ 58. Ka4
Kc4 59. Ka5 Ra1# 0-1

[Event "AUTO-ADV-785"]
[Site "http://www.queenalice.com/game.php?id=395265"]
[Date "2008.4.29"]
[Round "2"]
[White "razoman"]
[Black "Aues"]
[Result "1/2-1/2"]
[WhiteElo "1951"]
[BlackElo "1955"]

1. e4 e6 2. d4 d5 3. Nc3 Bb4 4. e5 Ne7 5. a3 Ba5 6. Nf3 Nbc6 7. Bb5 O-O 8. O-O
a6 9. Bxc6 Nxc6 10. Ne2 b5 11. c3 Qe8 12. b4 Bb6 13. Be3 f6 14. Bf4 fxe5 15.
Nxe5 Nxe5 16. Bxe5 c6 17. Nf4 Ra7 18. Nh5 Qg6 19. f4 Raf7 20. Ng3 Bc7 21. Qe2
Bxe5 22. fxe5 Bd7 23. Rxf7 Rxf7 24. Rf1 Be8 25. Rxf7 Bxf7 26. Qd1 Qg5 27. Nf1
Bg6 28. Qd2 Qxd2 1/2-1/2

[Event "AUTO-ADV-785"]
[Site "http://www.queenalice.com/game.php?id=395266"]
[Date "2008.4.29"]
[Round "2"]
[White "Aues"]
[Black "razoman"]
[Result "1-0"]
[WhiteElo "1955"]
[BlackElo "1953"]

1. d4 e6 2. c4 h6 3. e4 c6 4. Nf3 d5 5. cxd5 cxd5 6. e5 Ne7 7. Nc3 Nf5 8. Bd3
Ne7 9. Qc2 Nbc6 10. Nb5 Nf5 11. Bxf5 exf5 12. Bd2 Be6 13. O-O Rc8 14. Qa4 Bd7
15. Rfe1 a6 16. Nd6+ Bxd6 17. exd6+ Be6 18. Qb3 b5 19. Qxd5 O-O 20. Qc5 Na5 21.
Qb4 Nc4 22. a4 Nxd2 23. Nxd2 Bd7 24. axb5 Bxb5 25. Re5 Qg5 26. Rc5 Rb8 27. Nf3
Qf4 28. Ne5 Rfd8 29. Qb3 Be8 30. Qd5 Rxb2 31. Nd3 Qxd6 32. Qxd6 Rxd6 33. Nxb2
Rxd4 34. Rxf5 Rd2 35. Nc4 Rc2 36. Nd6 Kf8 37. Nxe8 Kxe8 38. Rfa5 1-0

[Event "Brincadeira...:):):)"]
[Site "http://www.queenalice.com/game.php?id=456631"]
[Date "2008.9.1"]
[Round "-"]
[White "italomachado"]
[Black "Aues"]
[Result "0-1"]
[WhiteElo "1422"]
[BlackElo "1990"]

1. e4 e6 2. Nh3 Nc6 3. d3 d5 4. Bg5 Be7 5. Qf3 Bxg5 6. Nxg5 Qxg5 7. exd5 Qc1+ 8.
Qd1 Qxb2 9. Nd2 Nd4 10. Rb1 Nxc2+ 11. Ke2 Qe5+ 12. Ne4 Nd4+ 13. Ke1 exd5 14.
Qa4+ c6 15. Kd1 dxe4 16. dxe4 Qxe4 17. Rb4 Bg4+ 18. f3 Bxf3+ 19. Kc1 Qe3+ 20.
Kb2 Qd2+ 21. Ka3 Nc2+ 22. Kb3 Na1+ 23. Ka3 Qc3+ 24. Rb3 Nc2# 0-1

[Event "AUTO-MASTER-743"]
[Site "http://www.queenalice.com/game.php?id=542765"]
[Date "2009.2.19"]
[Round "1"]
[White "eliasdiniz"]
[Black "Aues"]
[Result "0-1"]
[WhiteElo "1852"]
[BlackElo "2050"]

1. b4 d5 2. Bb2 Bf5 3. Nf3 e6 4. g3 Nf6 5. b5 Bc5 6. Bg2 O-O 7. O-O Nbd7 8. d3
c6 9. a4 Qb6 10. c4 a6 11. Nc3 axb5 12. axb5 Ng4 13. Rxa8 Rxa8 14. d4 Bb4 15. c5
Qd8 16. bxc6 bxc6 17. h3 Ngf6 18. Nd2 Bxc3 19. Bxc3 Ra2 20. Qb3 Qa8 21. Re1 Qa3
22. Qxa3 Rxa3 23. Bb4 Ra4 24. Bc3 h6 25. Nf3 Be4 26. e3 Ne8 27. Ne5 Nxe5 28.
dxe5 Bd3 29. Bd4 Nc7 30. Ra1 Rxa1+ 31. Bxa1 Na6 32. Bd4 Nb4 33. Bf3 Kf8 0-1

[Event "AUTO-MASTER-743"]
[Site "http://www.queenalice.com/game.php?id=542766"]
[Date "2009.2.19"]
[Round "1"]
[White "Aues"]
[Black "eliasdiniz"]
[Result "1-0"]
[WhiteElo "2037"]
[BlackElo "1974"]

1. d4 Nf6 2. c4 e6 3. Bg5 Bb4+ 4. Nc3 O-O 5. e4 c5 6. a3 Bxc3+ 7. bxc3 Qa5 8.
Rc1 cxd4 9. Bxf6 gxf6 10. Qxd4 e5 11. Qd6 Re8 12. Qxf6 Re6 13. Qg5+ Rg6 14. Qd2
Qxa3 15. Nf3 Nc6 16. Nh4 Rg7 17. Be2 d6 18. O-O Be6 19. f4 Qc5+ 20. Rf2 Kh8 21.
f5 Bxc4 22. f6 Rgg8 23. Bxc4 Qxc4 24. Nf5 Qxe4 25. Nh6 Qg6 26. Nxg8 Rxg8 27.
Qxd6 Qg5 28. Rcf1 e4 29. Qc7 Ne5 30. g3 Nf3+ 31. Kh1 Qxf6 32. Qxb7 Qxc3 33. Qxe4
Nd2 34. Rxd2 Qxd2 35. Qe5+ Rg7 36. Rxf7 Qd1+ 37. Kg2 1-0

[Event "AUTO-MASTER-743"]
[Site "http://www.queenalice.com/game.php?id=542779"]
[Date "2009.2.19"]
[Round "1"]
[White "arvim"]
[Black "Aues"]
[Result "1-0"]
[WhiteElo "2122"]
[BlackElo "2077"]

1. d4 d5 2. c4 c6 3. Nc3 Nf6 4. Nf3 a6 5. e3 Bf5 6. Qb3 b5 7. cxd5 cxd5 8. a4
bxa4 9. Qxa4+ Bd7 10. Qc2 Nc6 11. Be2 e6 12. Rxa6 Rxa6 13. Bxa6 Nb4 14. Qe2 Qa5
15. Bd3 Nxd3+ 16. Qxd3 Bb4 17. Ne5 Bb5 18. Qc2 Ne4 19. Bd2 Nxd2 20. Kxd2 Ba4 21.
b3 Bb5 22. Nd3 Bxc3+ 23. Qxc3 Qxc3+ 24. Kxc3 Bxd3 25. Kxd3 1-0

[Event "AUTO-MASTER-743"]
[Site "http://www.queenalice.com/game.php?id=542780"]
[Date "2009.2.19"]
[Round "1"]
[White "Aues"]
[Black "arvim"]
[Result "1-0"]
[WhiteElo "2058"]
[BlackElo "2136"]

1. d4 d5 2. c4 c6 3. Nc3 Nf6 4. Nf3 e6 5. Bg5 Nbd7 6. e3 a6 7. Bd3 dxc4 8. Bxc4
b5 9. Bd3 Bb7 10. O-O c5 11. Ne5 Be7 12. Nxd7 Nxd7 13. Bxe7 Qxe7 14. Bc2 cxd4
15. Qxd4 O-O 16. Rad1 Rfd8 17. Qf4 Nf8 18. Ne4 Ng6 19. Qg3 Rxd1 20. Rxd1 Rc8 21.
Bb1 Rd8 22. Rc1 Qb4 23. Ng5 Qxb2 24. Qc7 Rc8 25. Qxf7+ 1-0

[Event "AUTO-MASTER-743"]
[Site "http://www.queenalice.com/game.php?id=542787"]
[Date "2009.2.19"]
[Round "1"]
[White "Artking"]
[Black "Aues"]
[Result "0-1"]
[WhiteElo "1776"]
[BlackElo "2031"]

1. Nf3 Nf6 2. d4 d5 3. c4 g6 4. g3 c6 5. Bg2 dxc4 6. a4 Bg7 7. Nc3 Nd5 8. e4 Nb4
9. Bf1 Bg4 10. Bxc4 e6 11. O-O Bxf3 12. Qxf3 Qxd4 13. Qe2 Nd7 14. Be3 Qf6 15.
Rad1 Qe7 16. f4 O-O-O 17. Bxa7 c5 18. Nb5 Nc6 19. a5 Bd4+ 20. Kg2 Ndb8 21. e5
Nxa7 22. Nxa7+ Kc7 23. b4 cxb4 24. Rxd4 Rxd4 25. Nb5+ Kd8 26. Nd6 Nc6 0-1

[Event "AUTO-MASTER-743"]
[Site "http://www.queenalice.com/game.php?id=542788"]
[Date "2009.2.19"]
[Round "1"]
[White "Aues"]
[Black "Artking"]
[Result "1-0"]
[WhiteElo "2023"]
[BlackElo "1821"]

1. d4 Nf6 2. c4 c5 3. d5 b5 4. Nf3 g6 5. b3 Bg7 6. Bb2 a6 7. Nbd2 d6 8. e4 b4 9.
Qc2 Nbd7 10. Bd3 O-O 11. O-O Qe8 12. Rfe1 e5 13. a3 bxa3 14. Rxa3 Nh5 15. g3 f5
16. exf5 gxf5 17. Bxf5 Ndf6 18. Nh4 Kh8 19. Ndf3 Bxf5 20. Nxf5 Qg6 21. N3h4 Ra7
22. Nxg6+ 1-0

[Event "AUTO-MASTER-743"]
[Site "http://www.queenalice.com/game.php?id=619001"]
[Date "2009.7.15"]
[Round "2"]
[White "jraimundo"]
[Black "Aues"]
[Result "1-0"]
[WhiteElo "2383"]
[BlackElo "2063"]

1. e4 e6 2. d4 d5 3. Nd2 c5 4. Ngf3 Nc6 5. exd5 Qxd5 6. Bc4 Qd7 7. O-O Nf6 8.
Nb3 cxd4 9. Nbxd4 Bc5 10. Nxc6 Qxc6 11. Ne5 Qc7 12. Bf4 Qb6 13. c3 Qxb2 14. Qa4+
Ke7 15. Nd3 Qa3 16. Nxc5 Qxc5 17. Rfd1 Bd7 18. Qb3 Bc6 19. Bd6+ 1-0

[Event "AUTO-MASTER-743"]
[Site "http://www.queenalice.com/game.php?id=619002"]
[Date "2009.7.15"]
[Round "2"]
[White "Aues"]
[Black "jraimundo"]
[Result "0-1"]
[WhiteElo "2052"]
[BlackElo "2391"]

1. d4 Nf6 2. c4 g6 3. Nc3 Bg7 4. e4 d6 5. Nf3 O-O 6. h3 e5 7. d5 Na6 8. a3 Nc5
9. Bd3 Nxd3+ 10. Qxd3 h6 11. Be3 Ne8 12. O-O f5 13. exf5 gxf5 14. Qe2 c5 15.
Rac1 Bd7 16. g3 f4 17. Bd2 Bxh3 18. Rfe1 fxg3 19. fxg3 Bg4 20. Rf1 Qb6 21. Na4
Qb3 22. Qd1 Qxd1 0-1

[Event "AUTO-MASTER-743"]
[Site "http://www.queenalice.com/game.php?id=619007"]
[Date "2009.7.15"]
[Round "2"]
[White "Aues"]
[Black "arvim"]
[Result "0-1"]
[WhiteElo "2042"]
[BlackElo "2230"]

1. d4 d5 2. c4 c6 3. cxd5 cxd5 4. Nc3 Nf6 5. Nf3 Nc6 6. Bg5 Ne4 7. Bh4 Qa5 8.
Qa4 Qxa4 9. Nxa4 e6 10. a3 Bd6 11. e3 O-O 12. Bd3 Bd7 13. Nc3 Nxc3 14. bxc3 Rfc8
15. O-O Na5 0-1

[Event "AUTO-MASTER-743"]
[Site "http://www.queenalice.com/game.php?id=619008"]
[Date "2009.7.15"]
[Round "2"]
[White "arvim"]
[Black "Aues"]
[Result "1-0"]
[WhiteElo "2236"]
[BlackElo "2034"]

1. d4 d5 2. c4 dxc4 3. Nf3 Nf6 4. e3 b5 5. a4 Bd7 6. axb5 Bxb5 7. Bxc4 c6 8. Na3
Qb6 9. Nxb5 cxb5 10. Bd3 e6 11. O-O h6 12. Qe2 b4 13. Bb5+ Nbd7 14. Ne5 1-0

[Event "AUTO-MASTER-743"]
[Site "http://www.queenalice.com/game.php?id=619009"]
[Date "2009.7.15"]
[Round "2"]
[White "Aues"]
[Black "Vonkinho"]
[Result "0-1"]
[WhiteElo "2050"]
[BlackElo "2248"]

1. d4 d5 2. c4 c6 3. Nc3 Nf6 4. Nf3 Bf5 5. cxd5 cxd5 6. Qb3 Bc8 7. Bf4 Nc6 8.
Nb5 Qa5+ 9. Nd2 e5 10. dxe5 Nh5 11. e3 Be6 12. Qd1 Nxf4 13. exf4 a6 14. Na3 Bxa3
15. bxa3 Qxa3 16. Qc1 Qb4 17. a3 Qxf4 18. Nf3 Qe4+ 0-1

[Event "AUTO-MASTER-743"]
[Site "http://www.queenalice.com/game.php?id=619010"]
[Date "2009.7.15"]
[Round "2"]
[White "Vonkinho"]
[Black "Aues"]
[Result "1-0"]
[WhiteElo "2249"]
[BlackElo "2060"]

1. d4 d5 2. c4 c6 3. Nf3 dxc4 4. a4 Nf6 5. Nc3 Bf5 6. Bg5 Nd5 7. e3 Qa5 8. Bxc4
Nxc3 9. Qd2 Qb4 10. Qxc3 Qxc3+ 11. bxc3 e6 12. Ke2 Nd7 13. a5 Be7 14. h3 h6 15.
Bf4 O-O 16. Ra2 Nf6 17. Rb2 1-0